000 01055nam a22003614a 4500
001 UByD002961
003 AR-LpoUNG
005 20260108130519.0
008 240712s2023||||ag g 000|f|spa d
020 _a9789500533713
040 _aAR-LpoUNG
_bspa
_cAR-LpoUNG
_eaacr
041 0 _aspa
044 _aag
082 0 4 _aA863 237onc
_220
100 1 _aGarófalo, Cristian
245 1 0 _aOnce burros :
_bnovela futbolera
250 _a2da. ed.
260 _aBuenos Aires :
_bCorregidor,
_c2023.
300 _a233 p.
490 0 _aIdentidades bonaerenses
650 4 _aARGENTINA
650 4 _aLITERATURA
650 4 _aFICCION
650 4 _aFUTBOL
650 4 _aHISTORIA DEPORTIVA
650 4 _aENTRETENIMIENTO
650 4 _aCULTURA NACIONAL
650 4 _aNOVELA
710 1 _aBuenos Aires (Provincia).
_bDirección General de Cultura y Educación
905 _a55656
942 _cLIB
_2ddc
999 _c65530
_d65530